000 00778cam a2200277Ia 4500
001 40175
005 20230410130513.0
008 950601s1971 sp 000 0 spa d
035 _a(OCoLC)ocm32582714
040 _aUMC
_cUMC
035 _a(OCoLC)32582714
041 1 _aspa
_hrus
050 1 4 _aPG 3488
_bS689p 1971
049 _aGRAL
100 1 _aSolschenitzin, Alexander,
_d1918-
240 1 0 _aV kruge pervom.
_lSpanish
245 1 3 _aEl primer circulo /
_cAlexander Solschenitzin.
250 _a3a ed.
260 _aBarcelona :
_bEditorial Bruguera,
_c1971.
300 _a646 p. ;
_c22 cm.
490 1 _aJoyas literarias
700 1 _aSolzhenitìsyn, Aleksandr Isaevich
830 0 _aJoyas literarias (Bruguera (Firm))
942 _2lcc
_cbk
994 _aC0
_bDRFGD
999 _c75290
_d75290